Politikai gazdaságtan Tomus 23.

Elmentve itt :
Bibliográfiai részletek
További közreműködők: Nagy Lajos
Dokumentumtípus: Folyóirat
Megjelent: 1986
Sorozat:Acta Universitatis Szegediensis de Attila József nominatae : Acta oeconomica 23
Kulcsszavak:Politikai gazdaságtan - tanulmányok, Gazdasági mechanizmus - elmélet - KGST, KGST - pénzügy - 1970-1980-as évek, Mezőgazdaság - Magyarország és árpolitika, Árpolitika - mezőgazdasági - Magyarország, Közgazdaságtudomány - Magyarország és gazdaságpolitika - 1953-1977, Bérrendszer - szocialista
Online Access:http://acta.bibl.u-szeged.hu/36944
LEADER 00879nas a2200169 i 4500
001 acta36944
005 20210915091435.0
008 161201s1986 hu o 0|| hun d
040 |a SZTE Egyetemi Kiadványok Repozitórium  |b hun 
041 |a hun 
245 0 0 |a Politikai gazdaságtan   |h [elektronikus dokumentum] :  |b Tomus 23. 
260 |c 1986 
300 |a 75 
490 0 |a Acta Universitatis Szegediensis de Attila József nominatae : Acta oeconomica  |v 23 
695 |a Politikai gazdaságtan - tanulmányok, Gazdasági mechanizmus - elmélet - KGST, KGST - pénzügy - 1970-1980-as évek, Mezőgazdaság - Magyarország és árpolitika, Árpolitika - mezőgazdasági - Magyarország, Közgazdaságtudomány - Magyarország és gazdaságpolitika - 1953-1977, Bérrendszer - szocialista 
700 0 1 |a Nagy Lajos 
856 4 0 |u http://acta.bibl.u-szeged.hu/36944/1/polgazd_023.pdf  |z Dokumentum-elérés